Cesta hrdinov SNP od Dukly po Devín

Bibliographic Details
Main Author: Renčko, Andrej, 1984- (Author, Photographer)
Other Authors: Mucha, A. (Photographer), Malý, L. (Photographer)
Format: Book
Language:Slovak
PhysicalDescription:271 s. fotogr., mp. 22 cm
Published: [Svrčinovec Mária Ščuryová - MAGMA] 2016
ISBN:9788096804184
Subjects:

MARC

LEADER 00000nam a2200000 a 4500
001 vtls011609318
003 SK-MaSNL
005 20260301140250.0
008 200612s2016 xo ob g 000 0dslo
015 |a SNBA2017/02 
020 |a 9788096804184  |q (viaz.) 
035 |a urn:nbn:sk:snk-am00djuy 
035 |a urn:nbn:sk:snk-am3i4kr 
035 |a 3BD1EF2B-FA9A-4A05-89BD-61D4B0E94799 
040 |a SNK  |b slo  |c SNK  |e AACR2 
041 0 |a slo 
043 |a e-xo--- 
044 |a xo  |c SK 
072 7 |a 91  |x Geografia ako veda. Výskum. Cestovanie  |2 konspekt 
080 |a 910.4  |2 2011 
080 |a (437.6)  |2 2011 
080 |a (0:82-992)  |2 2011 
080 |a (035)  |2 2011 
080 |a 796.5  |2 2011 
100 1 |a Renčko, Andrej,  |d 1984-  |4 aut  |4 pht  |9 492698 
245 1 0 |a Cesta hrdinov SNP  |b od Dukly po Devín  |c Andrej Renčko ; [fotografie: A. Renčko, A. Mucha, L. Malý] 
260 |a [Svrčinovec  |b Mária Ščuryová - MAGMA]  |c 2016 
300 |a 271 s.  |b fotogr., mp.  |c 22 cm 
500 |a Názov z obalu 
500 |a Vydav. údaje podľa ISBN 
500 |a Biogr. údaje 
650 0 7 |a cesty a pobyt  |2 SNKPH  |9 3490 
650 0 7 |a Voyages and travels  |2 SNKPHeng  |9 280379 
650 0 7 |a turistika  |2 SNKPH  |9 683 
650 0 7 |a Touring  |2 SNKPHeng  |9 274113 
651 7 |a Cesta hrdinov SNP (Slovensko)  |2 SNKPH  |9 53132 
655 7 |a cestopisy  |2 SNKPH  |9 70220 
655 7 |a príručky  |2 SNKPH  |9 74364 
655 7 |a Books of travels  |2 SNKPHeng  |9 280380 
655 7 |a Handbooks, manuals, etc.  |2 SNKPHeng  |9 90964 
700 1 |a Mucha, A.  |4 pht  |9 492699 
700 1 |a Malý, L.  |4 pht  |9 492700 
919 |a 978-80-968041-8-4 
999 |c 763054  |d 764984 
952 |a SNK  |b SNK  |y PREZ  |7 0  |p 17A1252667  |o snkSC 173009  |i snk2017/3369  |8 0  |0 0  |1 0  |4 0  |d 2017-02-07  |f 1  |l 0  |r 2025-09-11 00:00:00  |w 2026-02-24 
952 |a SNK  |b SNK  |y VYP  |7 0  |p 17A1252668  |o snkSC 173009 D1  |i snk2017/3370  |8 0  |0 0  |1 0  |4 0  |d 2017-02-07  |l 0  |r 2026-02-24 00:10:19  |w 2026-02-24